KRISHI MOSAM EVAM JALVAYU VIGYAN (Record no. 44209)
[ view plain ]
| 000 -LEADER | |
|---|---|
| fixed length control field | 00433nam a22001817a 4500 |
| 003 - CONTROL NUMBER IDENTIFIER | |
| control field | OSt |
| 005 - DATE AND TIME OF LATEST TRANSACTION | |
| control field | 20231123091014.0 |
| 008 - FIXED-LENGTH DATA ELEMENTS--GENERAL INFORMATION | |
| fixed length control field | 180521b xxu||||| |||| 00| 0 eng d |
| 020 ## - INTERNATIONAL STANDARD BOOK NUMBER | |
| International Standard Book Number | 8187254297 |
| 040 ## - CATALOGING SOURCE | |
| Transcribing agency | IIMT UNIVERSITY MEERUT |
| 100 ## - MAIN ENTRY--PERSONAL NAME | |
| Personal name | DHIMAN R P S |
| 245 ## - TITLE STATEMENT | |
| Title | KRISHI MOSAM EVAM JALVAYU VIGYAN |
| 250 ## - EDITION STATEMENT | |
| Edition statement | 1ED |
| 260 ## - PUBLICATION, DISTRIBUTION, ETC. | |
| Place of publication, distribution, etc. | NEW DELHI |
| Name of publisher, distributor, etc. | RAMA PUB |
| Date of publication, distribution, etc. | 2016 |
| 300 ## - PHYSICAL DESCRIPTION | |
| Other physical details | 280 |
| 856 ## - ELECTRONIC LOCATION AND ACCESS | |
| Materials specified | PAPERBACK |
| 942 ## - ADDED ENTRY ELEMENTS (KOHA) | |
| Source of classification or shelving scheme | |
| Koha item type | Text-Book- for 7 days |
| Withdrawn status | Lost status | Source of classification or shelving scheme | Damaged status | Not for loan | Home library | Current library | Date acquired | Source of acquisition | Cost, normal purchase price | Inventory number | Barcode | Date last seen | Uniform Resource Identifier | Cost, replacement price | Price effective from | Koha item type |
|---|---|---|---|---|---|---|---|---|---|---|---|---|---|---|---|---|
| IIMT University Central Library Meerut | IIMT University Central Library Meerut | 05/21/2018 | RAMA PUB | 125.00 | 18-19/78 ,7/5/2018 | 01-B-126458 | 05/21/2018 | AGRICULTURE | 125.00 | 05/21/2018 | Book Bank |

